00401nam a2200145Ia 4500003000400000005001700004008004000021040000700061041000800068082001700076100001200093245010600105260003500211300000900246OSt20250819153705.0210210b2007 xxu||||| |||| 00| 0 eng d cAL aeng a621.381 RAOT aRao M V aTextbook of basic electronicsb: For first year BE students of Visveswaraiah technological university aBangalorebSubhas Storesc2007 a454p